• 首页
  • 本馆介绍
  • 公告通知
  • 最新文献
  • 馆藏检索
  • 电子资源
  • 读者导购
  • 参考咨询
  • 我的图书馆
  • 登录
  • 详细信息显示
  • 放入我的书架
  • 预约/预借图书
  • 作者相关作品
  • 分类相关作品
  • 丛书相关作品
  • 出版社相关作品

书目信息

  • 表格格式
  • 工作单格式
  • 卡片格式
题名:
计算机与化学化工数据处理
    
 
作者: 王洪艳 主编
分册:  
出版信息: 北京   科学出版社  2007
页数: 266页
开本: 24cm
丛书名:
单 册:
中图分类: O6-39 , TQ016-39
科图分类:
主题词: 计算机应用--化学实验--数据处理--高等学校--教材
电子资源:
ISBN: 978-7-03-018856-4
000 01053nam0 2200277 450
001 012004138209
005 20080303091211.56
009 012004138209
010    @a978-7-03-018856-4@dCNY29.00
035    @a(110019)012007016872
100    @a20070529d2007 em y0chiy0110 ea
101 0  @achi
102    @aCN@b110000
105    @ay z 000yy
106    @ar
200 1  @a计算机与化学化工数据处理@Aji suan ji yu hua xue hua gong shu ju chu li@f王洪艳主编
210    @a北京@c科学出版社@d2007
215    @a266页@d24cm
300    @a21世纪高等院校教材·化学化工类
330    @a本书以化学化工数学建模为主线,结合化学化工实验,介绍了最小二乘拟合、线性回归分析、方差分析、插值、数据平滑、实验设计等常用的数据处理方法及数学模型建立方法,并配有VC++和VB两种可运行的相关程序。书中还简单介绍了MATLAB、0rigin和ChenrDraw等商业应用软件的操作和应用。
606 0  @a计算机应用@x化学实验@x数据处理@x高等学校@j教材
690    @aO6-39@v4
690    @aTQ016-39@v4
701  0 @a王洪艳@Awang hong yan@4主编
801  0 @aCN@b110019@c20080303
905    @dO6-39@e407@f4
    
    计算机与化学化工数据处理/王洪艳主编.-北京:科学出版社,2007
    266页;24cm
    21世纪高等院校教材·化学化工类
    
    ISBN 978-7-03-018856-4:CNY29.00
    本书以化学化工数学建模为主线,结合化学化工实验,介绍了最小二乘拟合、线性回归分析、方差分析、插值、数据平滑、实验设计等常用的数据处理方法及数学模型建立方法,并配有VC++和VB两种可运行的相关程序。书中还简单介绍了MATLAB、0rigin和ChenrDraw等商业应用软件的操作和应用。
●
相关链接 在E读中查询图书 在五车中查询图书 在当当中查询图书 在豆瓣中查询图书


正题名:计算机与化学化工数据处理     索取号:O6-39/407         预约/预借

序号 登录号 条形码 馆藏地/架位号 状态 备注
1 0792901   207929018   第二样本阅览室/ [索取号:O6-39/407] 在馆    
2 0792902   207929027   第三借阅区/ [索取号:O6-39/407] 在馆    
3 0792903   207929036   第三借阅区/ [索取号:O6-39/407] 在馆    
4 0792904   207929045   第三借阅区/ [索取号:O6-39/407] 在馆    
唐山师范学院图书馆 欢迎您!
大连网信软件有限公司© 版权所有